Fundamental principles of polymeric materials for practicing engineers (Record no. 24941)

MARC details
000 -LEADER
fixed length control field 00505nam a2200169Ia 4500
082 ## - DEWEY DECIMAL CLASSIFICATION NUMBER
Classification number 678:62
Item number ROS
100 ## - MAIN ENTRY--AUTHOR NAME
Personal name Rosen, Stephen L
245 #0 - TITLE STATEMENT
Title Fundamental principles of polymeric materials for practicing engineers
260 ## - PUBLICATION, DISTRIBUTION, ETC. (IMPRINT)
Place of publication New York
Name of publisher Barnes and Noble
Year of publication 1873
490 ## - SERIES STATEMENT
Series statement Professional Engineering career development series
650 ## - SUBJECT ADDED ENTRY--TOPICAL TERM
Topical Term Adhesives
650 ## - SUBJECT ADDED ENTRY--TOPICAL TERM
Topical Term Fiber processing
650 ## - SUBJECT ADDED ENTRY--TOPICAL TERM
Topical Term Paints
650 ## - SUBJECT ADDED ENTRY--TOPICAL TERM
Topical Term Sterioisomerism
942 ## - ADDED ENTRY ELEMENTS (KOHA)
Koha item type Books
Holdings
Withdrawn status Lost status Damaged status Not for loan Home library Current library Date acquired Cost, normal purchase price Full call number Accession Number Koha item type
        RRII Library RRII Library 16/12/2021 4.95 678:62 ROS 05606 Books